书目信息 |
| 题名: |
图论与代数结构
|
|
| 作者: | 戴一奇 编 | |
| 分册: | ||
| 出版信息: | 北京 清华大学出版社 1995.08 |
|
| 页数: | 220页 | |
| 开本: | 26cm | |
| 丛书名: | ||
| 单 册: | ||
| 中图分类: | O157.5 | |
| 科图分类: | ||
| 主题词: | 图论--tu lun--高等学校--教材 , 图论--tu lun , 代数--dai shu--结构(数学)--高等学校--教材 , 代数--dai shu , 结构(数学)--jie gou (shu xue ) | |
| 电子资源: | ||
| ISBN: | 978-7-302-01814-8 | |
| 000 | 01066nam0 2200301 450 | |
| 001 | 0106081805 | |
| 005 | 20201106082043.0 | |
| 010 | @a978-7-302-01814-8@dCNY39.00 | |
| 100 | @a19950610e20201995em y0chiy0110 ea | |
| 101 | 0 | @achi |
| 102 | @aCN@b110000 | |
| 105 | @ay j 000yy | |
| 106 | @ar | |
| 200 | 1 | @a图论与代数结构@Atu lun yu dai shu jie gou@f戴一奇等编 |
| 210 | @a北京@c清华大学出版社@d1995.08@h2020.02 | |
| 215 | @a220页@d26cm | |
| 300 | @a清华大学计算机系列教材 | |
| 314 | @a戴一奇,清华大学任教 | |
| 330 | @a本书与“数理逻辑与集合论”一起构成了清华大学计算机系的离散数学教材,全书共分10章:图论的基本概念;道路与回路;树;平面图与图的着色;匹配与网络流;图的连通性;代数结构预备知识;群;环和域;格与布尔代数。 | |
| 606 | 0 | @a图论@Atu lun@x高等学校@j教材 |
| 606 | 0 | @a图论@Atu lun |
| 606 | 0 | @a代数@Adai shu@x结构(数学)@x高等学校@j教材 |
| 606 | 0 | @a代数@Adai shu |
| 606 | 0 | @a结构(数学)@Ajie gou (shu xue ) |
| 690 | @aO157.5 | |
| 701 | 0 | @a戴一奇@Adai yi qi@4编 |
| 801 | 0 | @aCN@bBJSZM@c20201106 |
| 905 | @b1191544-7@dO157.5@e136@f4 | |
| 图论与代数结构/戴一奇等编.-北京:清华大学出版社,1995.08(2020.02) |
| 220页;26cm |
| 清华大学计算机系列教材 |
| ISBN 978-7-302-01814-8:CNY39.00 |
| 本书与“数理逻辑与集合论”一起构成了清华大学计算机系的离散数学教材,全书共分10章:图论的基本概念;道路与回路;树;平面图与图的着色;匹配与网络流;图的连通性;代数结构预备知识;群;环和域;格与布尔代数。 |
| ● |
| 相关链接 |
|
|
|
|
正题名:图论与代数结构
索取号:O157.5/136
 
预约/预借
| 序号 | 登录号 | 条形码 | 馆藏地/架位号 | 状态 | 备注 |
| 1 | 1191544 | 211915445 | 第二样本阅览室/ [索取号:O157.5/136] | 在馆 | |
| 2 | 1191545 | 211915454 | 第三借阅区/ [索取号:O157.5/136] | 在馆 | |
| 3 | 1191546 | 211915463 | 第三借阅区/ [索取号:O157.5/136] | 在馆 | |
| 4 | 1191547 | 211915472 | 第三借阅区/ [索取号:O157.5/136] | 在馆 |